000 00793nam a2200205 a 4500
008 120416s1983 ||||||||||||||||| || u
020 _a9221030113
050 _aHD 3121 Lou
100 _aLouis, Raymond
245 1 0 _aLabour co-operatives : retrospect and prospects
246 _aCoopâeratives de main-d'oeuvre. English
260 _aGeneva
_bInternational Labour Office
_c1983
300 _avi, 162 p. : ill.
350 _a0.00
500 _aTranslation of: Les coopâeratives de main-d'oeuvre. -Bibliography: p. 158-162.
650 _aPRODUCER COOPERATIVES
650 0 _aBUSINESS
710 _aInternational Labour Office
995 _D0.00
_FCBU-MAIN LIBRARY (Kitwe)
_H1
_I11.70
_M1
_UAVAILABLE
_ZAnnex Low-Usage Collection
999 _c48733
_d48733